| 000 | 00000nam##2200000za#4500 |
| 001 | 9.602539 |
| 003 | CaOODSP |
| 005 | 20240212134142 |
| 007 | cr ||||||||||| |
| 008 | 150406|1990||||xxc|||||o f|0| 0 fre|d |
| 040 | |aCaOODSP|bfre |
| 043 | |an-cn--- |
| 086 | 1 |aNE22-1/1990-3F-PDF |
| 110 | 1 |aCanada. |bOffice national de l'énergie. |
| 245 | 10|aMotifs de décision relativement à examen de certains aspects de la méthode de calcul axée sur les conditins [sic] du marché |h[ressource électronique] |
| 246 | 1 |iTitre de renvoi : |aExamen de certains aspects de la méthode de calcul axée sur les conditions du marché |
| 260 | |aOttawa - Ontario : |bOffice national de l'énergie |cMars 1990. |
| 300 | |a68p. |
| 490 | 1 |aMotifs de décision |vGHW-4-89 |
| 500 | |aLe nº de catalogue (NE22-1/1990-3F) et l'ISBN (0-662-95938-8) de l'édition imprimée ont été incorrectement copiés dans cette édition électronique. |
| 590 | |a12-04-Supp|b2012-02-20 |
| 775 | 08|tReasons for decision in the matter of review of certain aspects of the market-based procedure |w(CaOODSP)9.572128 |
| 830 | #0|aMotifs de décision (Canada. Office national de l'énergie)|vGHW-4-89|w(CaOODSP)9.500899 |
| 856 | 40|ahttp://publications.gc.ca|qPDF|s172 Ko|uhttps://publications.gc.ca/collections/Collection/NE22-1-1990-3F.pdf|yGHW-4-89 |